| 000 | 00000nam 2200000zi 4500 |
| 001 | 9.954242 |
| 003 | CaOODSP |
| 005 | 20250819105203 |
| 006 | m o d f |
| 007 | cr mn||||||||| |
| 008 | 250819e20250818onc o f000 0 fre d |
| 040 | |aCaOODSP|bfre|erda|cCaOODSP |
| 043 | |an-cn--- |
| 086 | 1 |aH113-24/2025-15F-PDF |
| 245 | 00|aMétamitron. |
| 264 | 1|aOttawa (Ontario) : |bAgence de réglementation de la lutte antiparasitaire, Santé Canada, |c18 août 2025. |
| 264 | 4|c©2025 |
| 300 | |a1 ressource en ligne (3 pages). |
| 336 | |atexte|btxt|2rdacontent/fre |
| 337 | |ainformatique|bc|2rdamedia/fre |
| 338 | |aressource en ligne|bcr|2rdacarrier/fre |
| 490 | 1 |aLimite maximale de résidus proposée, |x1925-086X ; |vPMRL2025-15 |
| 500 | |aTitre de la couverture. |
| 500 | |aPublié aussi en anglais sous le titre : Metamitron. |
| 520 | |a« Des limites maximales de résidus (LMR) sont proposées pour le pesticide métamitron en lien avec les demandes 2021-6621, 2021-6706 et 2022-0013 en vue des utilisations au Canada décrites ci-dessous. En vertu de la Loi sur les produits antiparasitaires, l'Agence de réglementation de la lutte anitparasitaire (ARLA) de Santé Canada propose d'accepter les utilisations décrites dans les demandes susmentionnées, qui visent l'homologation du métamitron de qualité technique et des préparations commerciales connexes Brevis 150 SC et Brevis 15 SG en vue de nouvelles utilisations comme régulateur de croissance sur les pommes et les poires » -- But de la consultation, page 1. |
| 650 | 6|aPesticides|xCertification|zCanada. |
| 650 | 6|aInsecticides|xCertification|zCanada. |
| 650 | 6|aPesticides|xRésidus dans les aliments|xNormes|zCanada. |
| 710 | 1 |aCanada. |bAgence de réglementation de la lutte antiparasitaire, |eorganisme de publication. |
| 775 | 08|tMetamitron.|w(CaOODSP)9.954240 |
| 830 | #0|aLimites maximales de résidus proposées,|x1925-086X ; |vPMRL2025-15.|w(CaOODSP)9.501545 |
| 856 | 40|qPDF|s186 Ko|uhttps://publications.gc.ca/collections/collection_2025/sc-hc/h113-24/H113-24-2025-11-fra.pdf |
| 856 | 4 |qHTML|sS.O.|uhttps://www.canada.ca/fr/sante-canada/services/securite-produits-consommation/pesticides-lutte-antiparasitaire/public/consultations/limites-maximales-residus-proposees/2025/metamitron/document.html |